[Event "High League 2022 men"]
[Site "Obninsk"]
[Date "2022.06.28"]
[Round "3.12"]
[White "Grebnev, Aleksey"]
[Black "Kobalia, Mikhail"]
[Result "1-0"]
[LiveChessVersion "1.4.7"]
[BlackElo "2590"]
[WhiteElo "2439"]

1. d4 {[%clk 1:30:50]} Nf6 {[%clk 1:29:27]} 2. c4 {[%clk 1:31:10]} g6
{[%clk 1:29:48]} 3. Nc3 {[%clk 1:31:28]} Bg7 {[%clk 1:30:13]} 4. e4
{[%clk 1:31:53]} O-O {[%clk 1:30:37]} 5. Be2 {[%clk 1:32:07]} d6 {[%clk 1:31:02]}
6. h4 {[%clk 1:29:20]} h5 {[%clk 1:30:06]} 7. Bg5 {[%clk 1:29:31]} a6
{[%clk 1:27:47]} 8. f3 {[%clk 1:19:38]} Nc6 {[%clk 1:18:02]} 9. d5
{[%clk 1:14:09]} Ne5 {[%clk 1:17:59]} 10. Rc1 {[%clk 1:05:55]} c6
{[%clk 1:16:28]} 11. Qd2 {[%clk 1:00:41]} b5 {[%clk 1:04:04]} 12. cxb5
{[%clk 0:52:16]} cxb5 {[%clk 0:57:10]} 13. b3 {[%clk 0:49:29]} Qa5
{[%clk 0:50:35]} 14. Nd1 {[%clk 0:43:24]} Qa3 {[%clk 0:46:04]} 15. Nh3
{[%clk 0:38:32]} Bxh3 {[%clk 0:42:44]} 16. Rxh3 {[%clk 0:38:18]} Rac8
{[%clk 0:42:43]} 17. Rc2 {[%clk 0:37:12]} e6 {[%clk 0:41:22]} 18. dxe6
{[%clk 0:33:15]} fxe6 {[%clk 0:40:33]} 19. Rxc8 {[%clk 0:26:00]} Rxc8
{[%clk 0:41:01]} 20. Kf1 {[%clk 0:26:06]} Qc5 {[%clk 0:36:37]} 21. Be3
{[%clk 0:21:02]} Qc7 {[%clk 0:34:51]} 22. Bg5 {[%clk 0:17:20]} Qc5
{[%clk 0:31:33]} 23. Be3 {[%clk 0:17:42]} Qc6 {[%clk 0:31:53]} 24. Bf4
{[%clk 0:16:41]} Kh7 {[%clk 0:26:44]} 25. Rg3 {[%clk 0:15:18]} Nfd7
{[%clk 0:21:14]} 26. Nf2 {[%clk 0:11:31]} Nf7 {[%clk 0:17:57]} 27. Nd3
{[%clk 0:08:42]} Bc3 {[%clk 0:14:43]} 28. Qc2 {[%clk 0:08:24]} Qb7
{[%clk 0:12:46]} 29. Qb1 {[%clk 0:05:52]} e5 {[%clk 0:11:03]} 30. Be3
{[%clk 0:05:50]} Nd8 {[%clk 0:11:07]} 31. Rh3 {[%clk 0:04:18]} Ne6
{[%clk 0:11:26]} 32. Rh1 {[%clk 0:04:14]} Bd4 {[%clk 0:11:31]} 33. Bd2
{[%clk 0:04:06]} Ba7 {[%clk 0:10:52]} 34. g3 {[%clk 0:03:03]} Nd4
{[%clk 0:09:11]} 35. Bd1 {[%clk 0:03:11]} d5 {[%clk 0:05:49]} 36. Nf2
{[%clk 0:02:13]} Nf6 {[%clk 0:03:50]} 37. Kg2 {[%clk 0:01:36]} Qb6
{[%clk 0:01:57]} 38. Rf1 {[%clk 0:01:22]} Ne6 {[%clk 0:00:43]} 39. exd5 Nxd5
{[%clk 0:01:12]} 40. Qe4 {[%clk 0:30:50]} Qd6 {[%clk 0:30:36]} 41. Bc2
{[%clk 0:18:34]} Nd4 {[%clk 0:29:42]} 42. Bb1 {[%clk 0:18:55]} Nf5
{[%clk 0:28:10]} 43. Re1 {[%clk 0:18:25]} Rd8 {[%clk 0:08:10]} 44. Bg5
{[%clk 0:12:58]} Qb6 {[%clk 0:06:17]} 45. Nh3 {[%clk 0:08:53]} Rd7
{[%clk 0:05:17]} 46. Qxe5 {[%clk 0:07:03]} Bb8 {[%clk 0:02:17]} 47. Qe6
{[%clk 0:03:58]} Nde3+ {[%clk 0:01:16]} 48. Rxe3 {[%clk 0:04:17]} Rd2+
{[%clk 0:01:41]} 49. Nf2 {[%clk 0:04:35]} Nxe3+ {[%clk 0:01:36]} 50. Qxe3
{[%clk 0:05:02]} Qxe3 {[%clk 0:01:59]} 51. Bxe3 {[%clk 0:05:30]} Rb2
{[%clk 0:02:25]} 52. Be4 {[%clk 0:05:44]} Rxa2 {[%clk 0:02:54]} 53. g4
{[%clk 0:06:03]} Kg7 {[%clk 0:02:15]} 54. Bd4+ {[%clk 0:06:01]} Kf7
{[%clk 0:02:44]} 55. b4 {[%clk 0:03:33]} Ra3 {[%clk 0:01:12]} 56. Nd3
{[%clk 0:02:30]} Ra2+ {[%clk 0:01:41]} 57. Bb2 {[%clk 0:01:36]} Ke6
{[%clk 0:02:10]} 58. Kh3 {[%clk 0:01:54]} a5 {[%clk 0:02:31]} 59. bxa5
{[%clk 0:02:06]} Rxa5 {[%clk 0:02:52]} 60. Bxg6 {[%clk 0:02:24]} hxg4+
{[%clk 0:03:14]} 61. Kxg4 {[%clk 0:02:01]} Ba7 {[%clk 0:03:33]} 62. h5
{[%clk 0:01:18]} Ra4+ {[%clk 0:04:02]} 63. Kg5 {[%clk 0:00:56]} Bb6
{[%clk 0:04:18]} 64. f4 {[%clk 0:00:59]} Bd4 {[%clk 0:03:55]} 65. Bxd4
{[%clk 0:00:57]} Rxd4 {[%clk 0:04:24]} 66. h6 {[%clk 0:01:19]} Rd5+
{[%clk 0:02:10]} 67. f5+ {[%clk 0:01:41]} 1-0

[Event "High League 2022 men"]
[Site "Obninsk"]
[Date "2022.06.28"]
[Round "3.13"]
[White "Sutormin, Danila"]
[Black "Murzin, Volodar"]
[Result "0-1"]
[LiveChessVersion "1.4.7"]
[BlackElo "2549"]
[WhiteElo "2382"]

1. e4 {[%clk 1:28:52]} c5 {[%clk 1:30:32]} 2. Nf3 {[%clk 1:28:36]} d6
{[%clk 1:30:54]} 3. d4 {[%clk 1:29:00]} cxd4 {[%clk 1:31:19]} 4. Nxd4
{[%clk 1:29:26]} Nf6 {[%clk 1:31:42]} 5. Nc3 {[%clk 1:29:53]} a6 {[%clk 1:32:06]}
6. h3 {[%clk 1:30:06]} e6 {[%clk 1:31:08]} 7. g4 {[%clk 1:29:17]} Nfd7
{[%clk 1:30:42]} 8. Bg2 {[%clk 1:26:40]} Be7 {[%clk 1:29:50]} 9. Be3
{[%clk 1:22:47]} Nc6 {[%clk 1:29:07]} 10. Qe2 {[%clk 1:20:56]} O-O
{[%clk 1:28:47]} 11. O-O-O {[%clk 1:20:17]} Qc7 {[%clk 1:27:03]} 12. f4
{[%clk 1:11:35]} Rb8 {[%clk 1:25:57]} 13. g5 {[%clk 1:03:30]} Nxd4
{[%clk 1:25:34]} 14. Rxd4 {[%clk 0:55:45]} b5 {[%clk 1:24:48]} 15. a3
{[%clk 0:41:29]} Nb6 {[%clk 1:13:56]} 16. f5 {[%clk 0:37:49]} exf5
{[%clk 0:48:29]} 17. exf5 {[%clk 0:38:01]} Bxf5 {[%clk 0:48:05]} 18. h4
{[%clk 0:29:18]} Rbe8 {[%clk 0:41:00]} 19. Qf2 {[%clk 0:25:07]} Be6
{[%clk 0:38:34]} 20. Rf4 {[%clk 0:24:54]} Nc4 {[%clk 0:38:27]} 21. Bd4
{[%clk 0:21:55]} Ne5 {[%clk 0:28:33]} 22. Kb1 {[%clk 0:20:50]} Kh8
{[%clk 0:24:07]} 23. Nd5 {[%clk 0:19:13]} Qd7 {[%clk 0:16:38]} 24. Nxe7
{[%clk 0:14:11]} Qxe7 {[%clk 0:16:54]} 25. Rf1 {[%clk 0:14:21]} a5
{[%clk 0:11:01]} 26. Bc3 {[%clk 0:11:52]} b4 {[%clk 0:07:57]} 27. axb4
{[%clk 0:12:16]} Rc8 {[%clk 0:07:27]} 28. Qd2 {[%clk 0:09:16]} axb4
{[%clk 0:06:06]} 29. Rxb4 {[%clk 0:09:35]} Qa7 {[%clk 0:05:54]} 30. b3
{[%clk 0:08:54]} Qc5 {[%clk 0:05:09]} 31. Bb2 {[%clk 0:08:23]} Rfd8
{[%clk 0:04:34]} 32. Rd4 {[%clk 0:05:26]} Kg8 {[%clk 0:04:03]} 33. Rd1
{[%clk 0:05:16]} Bf5 {[%clk 0:04:07]} 34. Rc1 {[%clk 0:05:13]} Qb6
{[%clk 0:03:47]} 35. Bd5 {[%clk 0:02:46]} Rc5 {[%clk 0:04:00]} 36. Qf4
{[%clk 0:02:00]} Bg6 {[%clk 0:03:29]} 37. Be4 {[%clk 0:01:48]} Rdc8
{[%clk 0:03:21]} 38. Bxg6 {[%clk 0:01:20]} hxg6 {[%clk 0:03:50]} 39. Qe4
{[%clk 0:01:38]} Nc4 {[%clk 0:03:29]} 40. Qd3 {[%clk 0:30:34]} Nxb2
{[%clk 0:33:26]} 41. Kxb2 {[%clk 0:30:44]} Ra8 {[%clk 0:32:16]} 42. Rc4
{[%clk 0:17:22]} Rca5 {[%clk 0:29:10]} 43. Qd4 {[%clk 0:17:11]} Ra2+
{[%clk 0:27:07]} 44. Kc3 {[%clk 0:16:29]} Qa5+ {[%clk 0:27:24]} 45. Kd3
{[%clk 0:16:29]} Re8 {[%clk 0:21:25]} 46. Qf4 {[%clk 0:11:57]} d5
{[%clk 0:18:54]} 47. Rc7 {[%clk 0:09:59]} Kh8 {[%clk 0:04:41]} 48. Rxf7
{[%clk 0:03:51]} Qb5+ {[%clk 0:05:03]} 49. Kc3 {[%clk 0:03:02]} Re4
{[%clk 0:05:17]} 50. Qf2 {[%clk 0:00:56]} d4+ {[%clk 0:05:03]} 51. Kd2
{[%clk 0:01:25]} Qb4+ {[%clk 0:05:24]} 52. Kd1 {[%clk 0:01:46]} d3
{[%clk 0:05:43]} 53. Rc7 {[%clk 0:00:33]} dxc2+ {[%clk 0:04:12]} 54. R1xc2
{[%clk 0:00:34]} Ra1+ {[%clk 0:04:14]} 55. Rc1 {[%clk 0:00:58]} Rd4+
{[%clk 0:04:39]} 56. Kc2 {[%clk 0:01:12]} Ra2+ {[%clk 0:05:03]} 0-1

[Event "High League 2022 men"]
[Site "Obninsk"]
[Date "2022.06.28"]
[Round "3.14"]
[White "Kryakvin, Dmitry"]
[Black "Grigorjev, Iljya"]
[Result "1/2-1/2"]
[LiveChessVersion "1.4.7"]
[BlackElo "2350"]
[WhiteElo "2524"]

1. c4 {[%clk 1:30:56]} Nf6 {[%clk 1:30:33]} 2. Nc3 {[%clk 1:31:17]} e6
{[%clk 1:27:47]} 3. e4 {[%clk 1:30:33]} d5 {[%clk 1:28:02]} 4. e5
{[%clk 1:30:42]} d4 {[%clk 1:27:49]} 5. exf6 {[%clk 1:31:04]} dxc3
{[%clk 1:28:14]} 6. bxc3 {[%clk 1:31:14]} Qxf6 {[%clk 1:28:30]} 7. d4
{[%clk 1:31:22]} e5 {[%clk 1:21:49]} 8. Nf3 {[%clk 1:31:07]} exd4
{[%clk 1:22:11]} 9. Bg5 {[%clk 1:30:47]} Qe6+ {[%clk 1:21:03]} 10. Be2
{[%clk 1:31:09]} Be7 {[%clk 1:16:05]} 11. cxd4 {[%clk 1:29:54]} Bxg5
{[%clk 1:09:51]} 12. Nxg5 {[%clk 1:30:17]} Qf6 {[%clk 1:10:17]} 13. Qd2
{[%clk 1:18:13]} O-O {[%clk 1:07:39]} 14. O-O {[%clk 1:15:36]} Bf5
{[%clk 1:03:36]} 15. g4 {[%clk 1:01:52]} h6 {[%clk 0:58:25]} 16. Nh3
{[%clk 1:01:58]} Bh7 {[%clk 0:52:09]} 17. f4 {[%clk 1:01:02]} Nc6
{[%clk 0:48:45]} 18. Rad1 {[%clk 0:52:16]} Qh4 {[%clk 0:48:18]} 19. Nf2
{[%clk 0:47:32]} Rad8 {[%clk 0:46:30]} 20. d5 {[%clk 0:47:06]} f5
{[%clk 0:41:00]} 21. Qc3 {[%clk 0:40:25]} Ne7 {[%clk 0:40:57]} 22. Qg3
{[%clk 0:34:05]} Qf6 {[%clk 0:41:00]} 23. g5 {[%clk 0:31:07]} hxg5
{[%clk 0:41:20]} 24. fxg5 {[%clk 0:31:17]} Qb6 {[%clk 0:38:37]} 25. Bd3
{[%clk 0:30:12]} Bg6 {[%clk 0:27:55]} 26. Qf4 {[%clk 0:29:25]} Bh5
{[%clk 0:26:54]} 27. Rb1 {[%clk 0:27:38]} Ng6 {[%clk 0:26:09]} 28. Rxb6
{[%clk 0:14:51]} Nxf4 {[%clk 0:26:21]} 29. Rxb7 {[%clk 0:15:19]} Nxd3
{[%clk 0:26:43]} 30. Nxd3 {[%clk 0:15:44]} Be2 {[%clk 0:27:08]} 31. Nc5
{[%clk 0:11:12]} Bxc4 {[%clk 0:18:13]} 32. Re1 {[%clk 0:08:48]} Bxd5
{[%clk 0:16:56]} 33. Rxc7 {[%clk 0:06:11]} Rf7 {[%clk 0:17:19]} 34. Ree7
{[%clk 0:05:33]} Rxe7 {[%clk 0:14:56]} 1/2-1/2

[Event "High League 2022 men"]
[Site "Obninsk"]
[Date "2022.06.28"]
[Round "3.15"]
[White "Shakirov, Marat"]
[Black "Kezin, Roman"]
[Result "1/2-1/2"]
[LiveChessVersion "1.4.7"]
[BlackElo "2516"]
[WhiteElo "2290"]

1. d4 {[%clk 1:30:57]} Nf6 {[%clk 1:30:54]} 2. c4 {[%clk 1:31:22]} g6
{[%clk 1:30:59]} 3. Nc3 {[%clk 1:31:45]} d5 {[%clk 1:31:24]} 4. cxd5
{[%clk 1:31:59]} Nxd5 {[%clk 1:31:48]} 5. Bd2 {[%clk 1:32:12]} Nb6
{[%clk 1:31:16]} 6. Nf3 {[%clk 1:30:07]} Bg7 {[%clk 1:30:34]} 7. e4
{[%clk 1:29:04]} O-O {[%clk 1:15:46]} 8. Be3 {[%clk 1:27:52]} Bg4
{[%clk 1:15:24]} 9. Be2 {[%clk 1:27:41]} Nc6 {[%clk 1:14:46]} 10. d5
{[%clk 1:26:50]} Bxf3 {[%clk 0:59:02]} 11. gxf3 {[%clk 1:26:49]} Na5
{[%clk 0:41:03]} 12. Bd4 {[%clk 1:07:15]} Qd6 {[%clk 0:19:00]} 13. Bxg7
{[%clk 1:04:30]} Kxg7 {[%clk 0:18:18]} 14. Qd2 {[%clk 1:03:22]} Qf6
{[%clk 0:18:00]} 15. f4 {[%clk 0:50:09]} c6 {[%clk 0:09:38]} 16. e5
{[%clk 0:43:25]} Qf5 {[%clk 0:10:02]} 17. Rg1 {[%clk 0:41:47]} Nac4
{[%clk 0:08:54]} 18. Bxc4 {[%clk 0:41:21]} Nxc4 {[%clk 0:09:16]} 19. Qd4
{[%clk 0:40:46]} Nxb2 {[%clk 0:03:29]} 20. Rg3 {[%clk 0:38:29]} cxd5
{[%clk 0:00:58]} 21. Ne2 {[%clk 0:22:43]} Nc4 {[%clk 0:01:27]} 22. Qxd5
{[%clk 0:22:30]} Qe6 {[%clk 0:00:37]} 23. Qxe6 {[%clk 0:12:40]} fxe6
{[%clk 0:01:06]} 24. Rb1 {[%clk 0:12:50]} Nb6 {[%clk 0:00:33]} 25. a4
{[%clk 0:12:06]} Rab8 {[%clk 0:00:33]} 26. Rgb3 {[%clk 0:10:01]} Nxa4
{[%clk 0:00:37]} 27. Rxb7 {[%clk 0:10:23]} Rxb7 {[%clk 0:00:51]} 28. Rxb7
{[%clk 0:10:45]} Nc5 {[%clk 0:01:12]} 29. Rxa7 {[%clk 0:10:25]} Kf7
{[%clk 0:01:35]} 30. Rc7 {[%clk 0:10:20]} Nd3+ {[%clk 0:01:59]} 31. Kf1
{[%clk 0:08:57]} Ra8 {[%clk 0:02:27]} 32. Rc3 {[%clk 0:08:47]} Nb4
{[%clk 0:01:44]} 33. Rc4 {[%clk 0:08:06]} Nd3 {[%clk 0:01:12]} 34. Rc3
{[%clk 0:08:31]} Ra1+ {[%clk 0:01:28]} 35. Kg2 {[%clk 0:08:57]} Rd1
{[%clk 0:01:47]} 36. Kf3 {[%clk 0:07:45]} Nb4 {[%clk 0:01:19]} 37. Rc4
{[%clk 0:07:26]} Nd5 {[%clk 0:01:36]} 38. Re4 {[%clk 0:05:55]} Rd3+
{[%clk 0:01:42]} 39. Kg2 {[%clk 0:06:19]} Rd2 {[%clk 0:01:38]} 40. Ng3
{[%clk 0:35:19]} Ra2 {[%clk 0:31:52]} 41. Kf3 {[%clk 0:32:53]} Kg7
{[%clk 0:28:43]} 42. Nf1 {[%clk 0:31:39]} Nc3 {[%clk 0:27:44]} 43. Rd4
{[%clk 0:31:15]} Nd5 {[%clk 0:27:18]} 44. Re4 {[%clk 0:31:40]} Ra1
{[%clk 0:26:33]} 45. Ne3 {[%clk 0:31:09]} Ra3 {[%clk 0:26:50]} 46. Rc4
{[%clk 0:29:29]} Kf7 {[%clk 0:26:43]} 47. Rc8 {[%clk 0:28:50]} Ra4
{[%clk 0:26:54]} 48. Rc4 {[%clk 0:28:55]} Ra8 {[%clk 0:26:23]} 49. Rd4
{[%clk 0:29:07]} Ra3 {[%clk 0:25:21]} 1/2-1/2

[Event "High League 2022 men"]
[Site "Obninsk"]
[Date "2022.06.28"]
[Round "3.16"]
[White "Shoboev, Dandar"]
[Black "Salemgareev, Tagir"]
[Result "1/2-1/2"]
[LiveChessVersion "1.4.7"]
[BlackElo "2490"]
[WhiteElo "2244"]

1. c4 {[%clk 1:30:57]} c6 {[%clk 1:25:16]} 2. Nf3 {[%clk 1:28:03]} d5
{[%clk 1:25:37]} 3. g3 {[%clk 1:23:14]} Nf6 {[%clk 1:25:31]} 4. Bg2
{[%clk 1:23:39]} dxc4 {[%clk 1:21:26]} 5. a4 {[%clk 1:23:13]} a5 {[%clk 1:20:53]}
6. Na3 {[%clk 1:23:11]} Be6 {[%clk 1:19:23]} 7. Ng5 {[%clk 1:19:50]} Bd5
{[%clk 1:19:33]} 8. e4 {[%clk 1:19:28]} h6 {[%clk 1:19:56]} 9. exd5
{[%clk 1:19:53]} hxg5 {[%clk 1:20:22]} 10. dxc6 {[%clk 1:20:18]} Nxc6
{[%clk 1:20:47]} 11. Nxc4 {[%clk 1:19:34]} e6 {[%clk 1:09:55]} 12. d3
{[%clk 1:05:58]} Bb4+ {[%clk 1:07:13]} 13. Kf1 {[%clk 1:06:10]} Nd5
{[%clk 1:07:37]} 14. Be3 {[%clk 0:56:52]} O-O {[%clk 1:01:38]} 15. h4
{[%clk 0:51:31]} Nxe3+ {[%clk 0:57:47]} 16. Nxe3 {[%clk 0:50:29]} gxh4
{[%clk 0:57:02]} 17. Rxh4 {[%clk 0:50:53]} Be7 {[%clk 0:55:54]} 18. Rh2
{[%clk 0:26:41]} g6 {[%clk 0:55:21]} 19. Bxc6 {[%clk 0:13:54]} bxc6
{[%clk 0:55:44]} 20. Qf3 {[%clk 0:14:21]} Bf6 {[%clk 0:45:43]} 21. Ng4
{[%clk 0:06:37]} Bg7 {[%clk 0:33:35]} 22. Rc1 {[%clk 0:07:02]} Rb8
{[%clk 0:28:29]} 23. Rxc6 {[%clk 0:04:53]} Rxb2 {[%clk 0:27:30]} 24. Rc5
{[%clk 0:01:17]} Rb4 {[%clk 0:22:14]} 25. Rh4 {[%clk 0:01:19]} Qa8
{[%clk 0:09:37]} 26. Nf6+ {[%clk 0:00:40]} Bxf6 {[%clk 0:10:03]} 27. Qxf6
{[%clk 0:01:10]} Rxh4 {[%clk 0:10:25]} 28. Qxh4 {[%clk 0:01:10]} Rb8
{[%clk 0:07:02]} 29. Qe4 {[%clk 0:01:27]} Qxe4 {[%clk 0:07:18]} 30. dxe4
{[%clk 0:01:53]} Rb4 {[%clk 0:07:44]} 31. Rxa5 {[%clk 0:02:20]} Rxe4
{[%clk 0:08:10]} 32. Ra7 {[%clk 0:02:15]} Kg7 {[%clk 0:08:26]} 33. Kg2
{[%clk 0:02:40]} g5 {[%clk 0:08:32]} 34. Kf3 {[%clk 0:02:59]} Re1
{[%clk 0:08:57]} 35. g4 {[%clk 0:03:07]} Kg6 {[%clk 0:09:23]} 36. Ra8
{[%clk 0:03:31]} f5 {[%clk 0:09:28]} 37. gxf5+ {[%clk 0:03:57]} exf5
{[%clk 0:09:54]} 38. a5 {[%clk 0:04:18]} Ra1 {[%clk 0:10:19]} 39. a6
{[%clk 0:04:44]} Ra3+ {[%clk 0:10:47]} 40. Kg2 {[%clk 0:35:08]} g4
{[%clk 0:40:51]} 41. Rg8+ {[%clk 0:35:29]} Kf6 {[%clk 0:41:16]} 42. Ra8
{[%clk 0:35:48]} Kg5 {[%clk 0:41:02]} 43. Kg1 {[%clk 0:32:13]} Kf4
{[%clk 0:41:26]} 44. Kg2 {[%clk 0:32:39]} Ra2 {[%clk 0:41:50]} 45. a7
{[%clk 0:31:55]} g3 {[%clk 0:40:30]} 46. Rg8 {[%clk 0:32:18]} Rxa7
{[%clk 0:40:56]} 1/2-1/2

[Event "High League 2022 men"]
[Site "Obninsk"]
[Date "2022.06.28"]
[Round "3.17"]
[White "Zakhartsov, Vladimir"]
[Black "Abrekov, Mussa"]
[Result "1-0"]
[LiveChessVersion "1.4.7"]
[BlackElo "2133"]
[WhiteElo "2483"]

1. d4 {[%clk 1:30:56]} d5 {[%clk 1:30:56]} 2. Nf3 {[%clk 1:30:54]} Nf6
{[%clk 1:31:16]} 3. c4 {[%clk 1:31:00]} e6 {[%clk 1:31:37]} 4. g3
{[%clk 1:31:22]} Be7 {[%clk 1:31:50]} 5. Bg2 {[%clk 1:31:43]} O-O
{[%clk 1:32:13]} 6. O-O {[%clk 1:32:03]} dxc4 {[%clk 1:32:29]} 7. Qc2
{[%clk 1:32:15]} b5 {[%clk 1:32:24]} 8. a4 {[%clk 1:32:17]} b4 {[%clk 1:32:07]}
9. Nfd2 {[%clk 1:31:41]} Nd5 {[%clk 1:32:13]} 10. Nxc4 {[%clk 1:30:47]} c5
{[%clk 1:27:20]} 11. Ne3 {[%clk 1:25:46]} Ba6 {[%clk 1:21:27]} 12. dxc5
{[%clk 1:20:50]} Nd7 {[%clk 1:19:48]} 13. Nxd5 {[%clk 1:17:19]} exd5
{[%clk 1:19:24]} 14. Bxd5 {[%clk 1:07:32]} Rc8 {[%clk 1:18:28]} 15. c6
{[%clk 1:06:35]} Ne5 {[%clk 0:44:25]} 16. Rd1 {[%clk 1:06:49]} Nxc6
{[%clk 0:41:15]} 17. Qe4 {[%clk 1:07:04]} Qe8 {[%clk 0:39:15]} 18. Nd2
{[%clk 1:04:29]} Bf6 {[%clk 0:38:14]} 19. e3 {[%clk 1:04:46]} Ne5
{[%clk 0:31:31]} 20. Qf5 {[%clk 1:03:29]} Be2 {[%clk 0:20:18]} 21. Re1
{[%clk 1:01:47]} Bg4 {[%clk 0:20:30]} 22. Qb1 {[%clk 0:57:16]} Qd7
{[%clk 0:16:56]} 23. Be4 {[%clk 0:57:41]} Rfd8 {[%clk 0:14:52]} 24. f3
{[%clk 0:56:47]} Bh3 {[%clk 0:14:30]} 25. f4 {[%clk 0:54:59]} Nd3
{[%clk 0:11:33]} 26. Qxd3 {[%clk 0:54:42]} Qxd3 {[%clk 0:11:59]} 27. Bxd3
{[%clk 0:55:08]} Rxd3 {[%clk 0:12:22]} 28. Ne4 {[%clk 0:55:35]} Be6
{[%clk 0:10:21]} 29. Nxf6+ {[%clk 0:52:39]} gxf6 {[%clk 0:10:49]} 30. e4
{[%clk 0:53:02]} Rc2 {[%clk 0:10:08]} 31. f5 {[%clk 0:53:06]} Bd7
{[%clk 0:07:42]} 32. Bh6 {[%clk 0:48:37]} Rxb2 {[%clk 0:03:59]} 33. Rec1
{[%clk 0:48:57]} b3 {[%clk 0:01:49]} 34. Rc7 {[%clk 0:48:10]} Re2
{[%clk 0:01:48]} 35. Rac1 {[%clk 0:48:06]} Be8 {[%clk 0:01:34]} 36. R7c4
{[%clk 0:43:55]} b2 {[%clk 0:01:43]} 37. Rb1 {[%clk 0:44:21]} Ra3
{[%clk 0:01:01]} 38. Rc8 {[%clk 0:44:39]} Rxe4 {[%clk 0:01:22]} 39. Rxb2
{[%clk 0:45:06]} Raxa4 40. Kg2 {[%clk 1:13:18]} Ra5 {[%clk 0:31:50]} 41. Kf3
{[%clk 1:11:20]} Re7 {[%clk 0:30:35]} 42. Rb4 {[%clk 1:08:04]} Rxf5+
{[%clk 0:30:18]} 43. Bf4 {[%clk 1:08:27]} Rfe5 {[%clk 0:12:51]} 44. Bxe5
{[%clk 1:08:12]} fxe5 {[%clk 0:13:19]} 45. Rbb8 {[%clk 1:07:22]} Kf8
{[%clk 0:13:41]} 46. Rc6 {[%clk 1:06:38]} Kg7 {[%clk 0:13:39]} 47. Ra6
{[%clk 1:07:02]} f6 {[%clk 0:12:53]} 48. Ke3 {[%clk 1:06:39]} Bf7
{[%clk 0:10:03]} 49. Ra8 {[%clk 1:06:54]} Rb7 {[%clk 0:09:38]} 50. R8xa7
{[%clk 1:06:56]} Rb3+ {[%clk 0:09:43]} 51. Ke4 {[%clk 1:06:59]} Kg6
{[%clk 0:09:15]} 52. Rd6 {[%clk 1:03:21]} Rb4+ {[%clk 0:08:50]} 53. Kd3
{[%clk 1:02:58]} Rb3+ {[%clk 0:08:56]} 54. Kc2 {[%clk 1:03:06]} Rf3
{[%clk 0:08:05]} 55. Rdd7 {[%clk 1:03:32]} Bb3+ {[%clk 0:07:15]} 56. Kb2
{[%clk 1:03:41]} h5 {[%clk 0:05:16]} 57. Rh7 {[%clk 1:03:55]} Bd1
{[%clk 0:02:35]} 58. Rag7+ {[%clk 1:03:57]} Kf5 {[%clk 0:03:03]} 59. Rxh5+
{[%clk 1:04:18]} Ke4 {[%clk 0:02:53]} 60. Rh4+ {[%clk 1:04:30]} Ke3
{[%clk 0:03:01]} 61. Rd7 {[%clk 1:00:52]} Rf2+ {[%clk 0:01:59]} 62. Kc3
{[%clk 1:00:30]} Rc2+ {[%clk 0:02:15]} 63. Kb4 {[%clk 1:00:59]} Bf3
{[%clk 0:02:20]} 64. Rf7 {[%clk 1:00:03]} e4 {[%clk 0:01:35]} 65. Rxf6
{[%clk 1:00:25]} Rc7 {[%clk 0:00:57]} 66. Re6 {[%clk 0:58:35]} Kd3
{[%clk 0:00:37]} 67. Rf4 {[%clk 0:58:38]} Rh7 {[%clk 0:00:51]} 68. Ra6
{[%clk 0:57:39]} Rxh2 {[%clk 0:01:04]} 69. Ra3+ {[%clk 0:58:05]} Kd4
{[%clk 0:00:50]} 70. Raxf3 {[%clk 0:58:30]} 1-0